000 00401nam a2200133Ia 4500
005 20260326100045.0
008 260326s9999||||xx |||||||||||||| ||und||
100 _aSánchez Ruiz, Gerardo
245 0 _aLa Ciudad de México en el periodo de las regencias :
_b 1929-1997 /
_cGerardo Sánchez Ruiz
260 _bUniversidad Autónoma Metropolitana
300 _a435 p.
650 _aURBANISMO
942 _cBK
999 _c7176
_d7176